00382nam a2200133Ia 450000500170000000800410001702000150005808200130007310000180008624500290010426000480013330000120018150000550019320250616014447.0240331s9999 xx 000 0 und d a9559102850 bJaya954 aJayawardena,K 0aSokkan lokkan wuu wagayi aColombobSocial Scientist Associationc2006 a492 p., aThe rise of the colonial bourgeoisie in Sri Lanka